[Event "Let's Play Chess!"]
[Site "http://www.queenalice.com/game.php?id=1175391"]
[Date "2013.4.26"]
[Round "-"]
[White "obwancheez"]
[Black "igorjava"]
[Result "0-1"]
[WhiteElo "1028"]
[BlackElo "1829"]

1. c4 e5 2. Nc3 c6 3. e3 d5 4. cxd5 cxd5 5. Qa4+ Nc6 6. Nf3 Qd7 7. Bb5 f6 8. O-O
Nge7 9. Qh4 Ng6 10. Qh5 Be7 11. Bd3 e4 12. Bxe4 dxe4 13. Nxe4 O-O 14. d4 b6 15.
Qb5 Nd8 16. Qc4+ Qe6 17. Qb5 Qxe4 18. Qb3+ Be6 19. Qd1 Bg4 20. Qb3+ Qe6 21. Qc3
Bxf3 22. gxf3 Nh4 23. e4 Qh3 24. Qc4+ Nf7 25. e5 Nxf3+ 26. Kh1 Qxh2# 0-1

[Event "AUTO-OPEN-2976"]
[Site "http://www.queenalice.com/game.php?id=1175520"]
[Date "2013.4.26"]
[Round "1"]
[White "miltonlovisk"]
[Black "obwancheez"]
[Result "1-0"]
[WhiteElo "1922"]
[BlackElo "1028"]

1. e4 d6 2. Nf3 Bg4 3. h3 Bh5 4. g4 Bg6 5. Nc3 c6 6. Bc4 e6 7. d3 d5 8. exd5
cxd5 9. Bb5+ Ke7 10. O-O a6 11. Ba4 b5 12. Bb3 Nc6 13. Re1 Ke8 14. Bxd5 Qc7 15.
Bf4 Qxf4 16. Bxc6+ Kd8 17. Bxa8 Qb8 18. Be4 Bxe4 19. dxe4+ Ke8 20. Qd3 1-0

[Event "AUTO-OPEN-2976"]
[Site "http://www.queenalice.com/game.php?id=1175521"]
[Date "2013.4.26"]
[Round "1"]
[White "obwancheez"]
[Black "miltonlovisk"]
[Result "0-1"]
[WhiteElo "1017"]
[BlackElo "1945"]

1. e4 e5 2. Nf3 Nc6 3. Bc4 Nd4 4. Ng5 Qxg5 5. O-O b5 6. Bd3 c5 7. c3 Ne6 8. Na3
c4 9. Be2 Nf4 10. Bf3 Bc5 11. Nxb5 Bb6 12. Nd6+ Ke7 13. Nxc4 Nh3+ 14. Kh1 Nxf2+
15. Rxf2 d6 16. Bh5 Bxf2 17. d3 Qf6 18. Na5 Bd7 19. d4 exd4 20. Qb3 dxc3 21.
bxc3 Bb6 22. Nb7 Qf1# 0-1

[Event "AUTO-OPEN-2976"]
[Site "http://www.queenalice.com/game.php?id=1175561"]
[Date "2013.4.26"]
[Round "1"]
[White "VICSAR"]
[Black "obwancheez"]
[Result "1-0"]
[WhiteElo "1986"]
[BlackElo "1100"]

1. e4 d6 2. Nf3 Bg4 3. Be2 Nf6 4. Nc3 Nbd7 5. h3 Be6 6. d4 c5 7. d5 Bxd5 8. exd5
Rc8 9. Bc4 e6 10. Qe2 Nh5 11. dxe6 Nb6 12. exf7+ Kd7 13. Be6+ Kc7 14. Nb5+ Kb8
15. Bxc8 Qxc8 16. O-O Qd7 17. c4 Qxf7 18. Be3 Nxc4 19. Ng5 Qg6 20. Qxc4 Be7 21.
Ne6 a6 22. Nbc7 Nf6 23. b4 Nd7 24. bxc5 Ne5 25. Qd5 Qf7 26. cxd6 Qf6 27. dxe7
Qxe7 28. Qxe5 1-0

[Event "AUTO-OPEN-2985"]
[Site "http://www.queenalice.com/game.php?id=1179546"]
[Date "2013.5.8"]
[Round "1"]
[White "masbcampos"]
[Black "obwancheez"]
[Result "1-0"]
[WhiteElo "1209"]
[BlackElo "1095"]

1. e4 e5 2. Nc3 Nf6 3. d3 Bc5 4. Bg5 Bb4 5. Qd2 O-O 6. Bxf6 Qxf6 7. Nf3 Bc5 8.
Na4 Qc6 9. b3 d5 10. Nxe5 Qe6 11. f4 f5 12. Nxc5 Qe7 13. exf5 Qxc5 14. d4 Qd6
15. Bd3 Bxf5 16. Bxf5 Rxf5 17. O-O Na6 18. g4 Rf6 19. g5 Rff8 20. c3 c5 21. dxc5
Qxc5+ 22. Rf2 Rad8 23. Kf1 d4 24. c4 b5 25. Nd3 Qc6 26. Rc1 Qh1+ 27. Ke2 Rfe8+
28. Ne5 Qe4+ 29. Kd1 h6 30. g6 Nc5 31. Re2 Qh1+ 32. Re1 Qb7 33. Nf7 Rc8 34. Nd6
Qd7 35. Rxe8+ Rxe8 36. Nxe8 Qxe8 37. Qxd4 Ne6 38. Qxa7 Qxg6 39. cxb5 Qg4+ 40.
Kc2 Qe2+ 41. Kb1 Qe4+ 42. Kb2 Nxf4 43. Rg1 Nd3+ 44. Kc3 Nf4 45. Qxg7# 1-0

[Event "AUTO-OPEN-2985"]
[Site "http://www.queenalice.com/game.php?id=1179547"]
[Date "2013.5.8"]
[Round "1"]
[White "obwancheez"]
[Black "masbcampos"]
[Result "0-1"]
[WhiteElo "1083"]
[BlackElo "1180"]

1. e3 e5 2. c4 Bb4 3. a3 Bc5 4. d4 exd4 5. exd4 Be7 6. Qg4 g6 7. Nf3 f5 8. Qg3
Bd6 9. Ne5 Nc6 10. Bg5 Nge7 11. c5 Nxd4 12. Qc3 Bxe5 13. Qe3 Nc2+ 14. Kd1 Nxe3+
15. fxe3 Bxb2 16. Ra2 Be5 17. Nd2 c6 18. Nc4 d6 19. cxd6 Bxd6 20. Re2 f4 21.
exf4 Bg4 22. h3 Bxe2+ 23. Bxe2 Bxf4+ 24. Ke1 Bxg5 25. h4 Bc1 26. g4 b5 27. Ne5
Qd2+ 28. Kf2 Qf4+ 29. Bf3 Qxe5 30. Rxc1 O-O 0-1

[Event "AUTO-OPEN-2985"]
[Site "http://www.queenalice.com/game.php?id=1179570"]
[Date "2013.5.8"]
[Round "1"]
[White "obwancheez"]
[Black "MrDJRVD"]
[Result "0-1"]
[WhiteElo "1095"]
[BlackElo "1746"]

1. c4 c5 2. Nf3 d6 3. Qa4+ Bd7 4. Qb3 b6 5. d4 cxd4 6. Nxd4 Nf6 7. e3 g6 8. Nd2
Bg7 9. N2f3 O-O 10. Bd3 Nc6 11. O-O Qc8 12. c5 bxc5 13. Ng5 cxd4 14. Bc4 e6 15.
exd4 Nxd4 16. Qh3 h6 17. Nf3 Qxc4 18. Bxh6 Nxf3+ 19. Qxf3 d5 20. Bg5 Qg4 21. Qe3
Ne4 22. b4 Bxa1 23. Rxa1 Qxg5 24. Rb1 Qxe3 25. fxe3 Rfc8 0-1

[Event "AUTO-OPEN-2985"]
[Site "http://www.queenalice.com/game.php?id=1179571"]
[Date "2013.5.8"]
[Round "1"]
[White "MrDJRVD"]
[Black "obwancheez"]
[Result "1-0"]
[WhiteElo "1718"]
[BlackElo "1081"]

1. d4 e6 2. c4 Bb4+ 3. Bd2 Qe7 4. a3 Bd6 5. Nf3 Nf6 6. Bg5 h6 7. Bxf6 Qxf6 8. e3
O-O 9. g3 Re8 10. Bg2 a6 11. O-O Be7 12. b4 a5 13. Nbd2 a4 14. c5 d6 15. cxd6
Bxd6 16. Rc1 c6 17. Ne4 Qf5 18. Nxd6 Qf6 19. Nxe8 Qe7 20. Nxg7 Kxg7 21. Rc5 Na6
22. Rh5 f6 23. Qd3 b6 24. Nd2 e5 25. Bxc6 Rb8 26. Bxa4 Nc7 27. Bc2 Qf7 28. Qh7+
Kf8 29. Rxh6 Ke7 30. Qxf7+ Kxf7 31. Rh7+ Ke8 32. Rxc7 b5 33. dxe5 fxe5 34. Bg6+
Kd8 35. Rfc1 1-0

[Event "AUTO-OPEN-2985"]
[Site "http://www.queenalice.com/game.php?id=1179572"]
[Date "2013.5.8"]
[Round "1"]
[White "obwancheez"]
[Black "Degoba"]
[Result "0-1"]
[WhiteElo "1044"]
[BlackElo "1330"]

1. b3 e5 2. Nf3 f6 3. e4 Nc6 4. Nh4 Nh6 5. Qh5+ g6 6. Nxg6 hxg6 7. Qxg6+ Nf7 8.
Bc4 Qe7 9. O-O d6 10. Ba3 Be6 11. Bb5 O-O-O 12. Nc3 Bh6 13. Rab1 Bxd2 14. Bb4
Bxc3 15. Bxc3 Rdg8 16. Qf5 Bxf5 17. exf5 Ng5 18. b4 Nf3+ 19. Kh1 Rxh2# 0-1

[Event "AUTO-OPEN-2985"]
[Site "http://www.queenalice.com/game.php?id=1179573"]
[Date "2013.5.8"]
[Round "1"]
[White "Degoba"]
[Black "obwancheez"]
[Result "1-0"]
[WhiteElo "1458"]
[BlackElo "1017"]

1. e4 e5 2. Nf3 Bc5 3. Bc4 Nf6 4. d3 Ng4 5. Bxf7+ Kxf7 6. Ng5+ Ke8 7. Qxg4 d6 8.
Qh5+ g6 9. Qe2 h6 10. Nf3 Bb4+ 11. Bd2 Nc6 12. a3 a5 13. axb4 a4 14. b5 Na5 15.
Nc3 c6 16. Rxa4 cxb5 17. Nxb5 Bd7 18. Nxd6+ Kf8 19. Bxa5 Qe7 20. Ra1 Qxd6 21.
O-O Bg4 22. c3 h5 23. Bb4 Qxb4 24. Rxa8+ Kg7 25. cxb4 Rxa8 26. h3 Bd7 27. Nxe5
b5 28. Nxd7 Ra4 29. Qf3 Rxb4 30. Qf8+ 1-0

[Event "AUTO-BEG-582"]
[Site "http://www.queenalice.com/game.php?id=1180769"]
[Date "2013.5.12"]
[Round "1"]
[White "obwancheez"]
[Black "hversatil"]
[Result "0-1"]
[WhiteElo "1028"]
[BlackElo "1313"]

1. c4 e5 2. Nf3 Bd6 3. e3 Nf6 4. c5 Bxc5 5. Bc4 h6 6. Nxe5 Rf8 7. O-O d5 8. Bb5+
c6 9. Bd3 d4 10. e4 Qe7 11. Nc4 Ng4 12. a3 b5 13. Na5 Qe5 14. b4 Qxh2# 0-1

[Event "AUTO-BEG-582"]
[Site "http://www.queenalice.com/game.php?id=1180773"]
[Date "2013.5.12"]
[Round "1"]
[White "obwancheez"]
[Black "bpctreinamento"]
[Result "1-0"]
[WhiteElo "1065"]
[BlackElo "1184"]

1. b4 d5 2. c3 Bd7 3. e3 e5 4. d4 exd4 5. Qxd4 Be6 6. Bb5+ c6 7. Be2 Nd7 8. Nf3
c5 9. bxc5 Bxc5 10. Qxg7 Ngf6 11. Qxh8+ Ke7 12. Qg7 Bf5 13. c4 Nh5 14. Qg5+ Nhf6
15. Qxf5 Qg8 16. cxd5 Qxg2 17. Rg1 Bb4+ 18. Bd2 Bxd2+ 19. Nbxd2 Qg6 20. Rxg6
hxg6 21. d6+ Ke8 22. Qb5 b6 23. Rc1 a6 24. Qc6 Rd8 25. Bxa6 Kf8 26. Qc4 Ne8 27.
Qh4 Ra8 28. Qh8# 1-0

[Event "AUTO-BEG-582"]
[Site "http://www.queenalice.com/game.php?id=1180774"]
[Date "2013.5.12"]
[Round "1"]
[White "bpctreinamento"]
[Black "obwancheez"]
[Result "1-0"]
[WhiteElo "1169"]
[BlackElo "1106"]

1. e4 Nf6 2. Bd3 e5 3. Nf3 Bc5 4. Nxe5 O-O 5. Bc4 d5 6. exd5 Qe8 7. d4 Bb4+ 8.
c3 Bd6 9. O-O c5 10. Be3 Be7 11. dxc5 b5 12. Bd3 Na6 13. d6 Bd8 14. f4 Nd5 15.
Be4 Nxe3 16. Qe2 Nxf1 17. Bxa8 Nxc5 18. Kxf1 Bf5 19. Bc6 Qe7 20. dxe7 Bxe7 21.
Qxb5 Ne4 22. Bd7 Rd8 23. Bxf5 Rd1+ 24. Ke2 1-0